[Event "OLOA 1920 SG Leipzig I - FVS ASP Hoyers"]
[Site "?"]
[Date "2019.12.07"]
[Round "4.3"]
[White "Spivak, Ilya"]
[Black "Nguyen, Alex Dac-Vuong"]
[Result "1-0"]
[WhiteElo "2299"]
[BlackElo "2409"]
[PlyCount "63"]
[EventDate "2019.??.??"]
[EventType "team-tourn"]

1. e4 c5 2. Nf3 e6 3. d4 cxd4 4. Nxd4 a6 5. Nc3 Qc7 6. Qf3 Nf6 7. Bg5 Qe5 8.
Be3 Bb4 9. O-O-O Bxc3 10. bxc3 d6 11. Bd3 Nbd7 12. Bf4 Qc5 13. Nb3 Qc7 14. Be2
e5 15. Bg5 h6 16. Bh4 b5 17. Qd3 g5 18. Bg3 Bb7 19. f3 Ke7 20. h4 Nh5 21. Bf2
Nf4 22. Qd2 a5 23. hxg5 a4 24. Nd4 Nxe2+ 25. Nxe2 hxg5 26. Qxg5+ Nf6 27. Rxh8
Rxh8 28. Bh4 Rxh4 29. Qxh4 Qc4 30. Ng3 Qxc3 31. Nf5+ Ke6 32. Rxd6# 1-0

[Event "OLOA 1920 SG Leipzig I - FVS ASP Hoyers"]
[Site "?"]
[Date "2019.12.07"]
[Round "4.4"]
[White "Heistermann, Till"]
[Black "Jahnel, Guenther"]
[Result "1/2-1/2"]
[WhiteElo "2177"]
[BlackElo "2176"]
[PlyCount "69"]
[EventDate "2019.??.??"]
[EventType "team-tourn"]

1. c4 Nf6 2. g3 g6 3. Bg2 d6 4. Nc3 e5 5. e3 Nc6 6. Nge2 Bg7 7. O-O O-O 8. d3
Be6 9. Nd5 Qd7 10. Rb1 Bh3 11. e4 Rac8 12. f3 Bxg2 13. Kxg2 Nxd5 14. cxd5 Nd4
15. Be3 c6 16. dxc6 bxc6 17. Bxd4 exd4 18. Qa4 d5 19. Rbc1 Rfe8 20. Rc2 Rc7 21.
Nf4 Be5 22. Nh3 Bg7 23. Qa5 Re5 24. Qa4 g5 25. Nf2 f5 26. exd5 Qxd5 27. Qc4
Qxc4 28. dxc4 Re3 29. Rd2 Rce7 30. Nd3 a5 31. Rff2 Kf7 32. h3 Kg6 33. g4 h5 34.
gxf5+ Kxf5 35. b3 1/2-1/2

[Event "OLOA 1920 SG Leipzig I - FVS ASP Hoyers"]
[Site "?"]
[Date "2019.12.07"]
[Round "4.5"]
[White "Kesik, Klaus-Dieter"]
[Black "Roesemann, Rainer"]
[Result "0-1"]
[WhiteElo "2222"]
[BlackElo "2232"]
[PlyCount "56"]
[EventDate "2019.??.??"]
[EventType "team-tourn"]

1. e4 c6 2. d4 d5 3. e5 Bf5 4. c4 e6 5. Nc3 Nd7 6. a3 Ne7 7. c5 Qc7 8. Nge2 h6
9. Ng3 Bh7 10. Bd3 Bxd3 11. Qxd3 h5 12. O-O h4 13. Nge2 Nf5 14. b4 Be7 15. Bd2
g5 16. g4 hxg3 17. fxg3 f6 18. exf6 Bxf6 19. b5 O-O-O 20. bxc6 Qxc6 21. Nb5 Kb8
22. Ba5 Rc8 23. Rab1 a6 24. Rxf5 exf5 25. Nd6 Nxc5 26. dxc5 Qxc5+ 27. Kg2 Qxd6
28. Rb6 Rc6 0-1

[Event "OLOA 1920 SG Leipzig I - FVS ASP Hoyers"]
[Site "?"]
[Date "2019.12.07"]
[Round "4.6"]
[White "Gempe, Thomas"]
[Black "Boehm, Robert"]
[Result "1/2-1/2"]
[WhiteElo "2188"]
[BlackElo "2150"]
[PlyCount "36"]
[EventDate "2019.??.??"]
[EventType "team-tourn"]

1. d4 d5 2. c4 c6 3. Nf3 Nf6 4. Nc3 e6 5. Bg5 Nbd7 6. cxd5 exd5 7. Qc2 Be7 8.
e3 Nh5 9. Bxe7 Qxe7 10. O-O-O Nb6 11. h3 Be6 12. g4 Nf6 13. Bd3 O-O-O 14. Kb1
g6 15. Rc1 Kb8 16. Na4 Ne4 17. Nc5 Nxc5 18. dxc5 Nc4 1/2-1/2

[Event "OLOA 1920 SG Leipzig I - FVS ASP Hoyers"]
[Site "?"]
[Date "2019.12.07"]
[Round "4.7"]
[White "Grohmann, Alexander"]
[Black "Hoffmann, Hendrik"]
[Result "0-1"]
[WhiteElo "1980"]
[BlackElo "2234"]
[PlyCount "110"]
[EventDate "2019.??.??"]
[EventType "team-tourn"]

1. e4 c6 2. d4 d5 3. exd5 cxd5 4. Bd3 Nc6 5. c3 Qc7 6. Ne2 Bg4 7. f3 Bh5 8. Na3
e6 9. Bf4 Qd7 10. Nc2 Bg6 11. O-O Nge7 12. Ne3 Bxd3 13. Qxd3 Ng6 14. Bg3 Be7
15. f4 f5 16. Be1 O-O 17. Kh1 a6 18. Ng1 b5 19. Bd2 Na5 20. Rae1 Nb7 21. Nd1
Nd6 22. Nf2 Ne4 23. Nf3 Qc6 24. Qe2 a5 25. Ng5 Bxg5 26. fxg5 Rfe8 27. Nxe4 dxe4
28. Qh5 Nf8 29. a3 g6 30. Qe2 Nd7 31. Bf4 Nb6 32. Rf2 Qc4 33. Qxc4 bxc4 34. Kg1
Ra7 35. Kf1 Rb7 36. Rc2 Nd5 37. g3 Kf7 38. Kf2 Rc8 39. Ree2 Rc6 40. Ke1 Rcb6
41. Kf2 Rb5 42. h3 Nb6 43. Kf1 Na4 44. Bc1 e5 45. dxe5 Nc5 46. Kf2 Nd3+ 47. Ke3
Ke6 48. Kd4 Rd5+ 49. Ke3 Nxe5 50. Rcd2 Nd3 51. Rc2 Rbd7 52. h4 Nxc1 53. Rxc1
Rd3+ 54. Kf2 Rf3+ 55. Kg2 Rdd3 0-1

[Event "OLOA 1920 SG Leipzig I - FVS ASP Hoyers"]
[Site "?"]
[Date "2019.12.07"]
[Round "4.8"]
[White "Rausch, Stephan"]
[Black "Heyme, Sibylle"]
[Result "1-0"]
[WhiteElo "2251"]
[BlackElo "2048"]
[PlyCount "111"]
[EventDate "2019.??.??"]
[EventType "team-tourn"]

1. d4 Nf6 2. Nf3 g6 3. c4 Bg7 4. Nc3 d6 5. e4 O-O 6. h3 Nbd7 7. Be3 c6 8. Be2
e5 9. d5 c5 10. g4 a6 11. Nd2 Ne8 12. Qc2 Rb8 13. a4 Qa5 14. Kf1 Qd8 15. Bd3
Nc7 16. Ke2 Nf6 17. a5 b6 18. axb6 Rxb6 19. Ra3 Qe7 20. Rb3 Rxb3 21. Qxb3 h5
22. g5 Nh7 23. h4 f6 24. Rg1 fxg5 25. hxg5 Qf7 26. f3 Qd7 27. Nd1 Qh3 28. Nf2
Qd7 29. Qb6 Rf7 30. b4 cxb4 31. Qxb4 Bf8 32. c5 dxc5 33. Bxc5 Nb5 34. Bxb5 axb5
35. Bxf8 Rxf8 36. Qc5 b4 37. Qb6 Qf7 38. Nd3 Re8 39. Nxb4 Nf8 40. Nd3 Qd7 41.
Rc1 Qh3 42. Qf6 Qh2+ 43. Nf2 Bd7 44. Rc7 Qf4 45. Qxf4 exf4 46. Kd3 Bb5+ 47. Kd4
Nh7 48. Nh3 Rf8 49. d6 Rd8 50. e5 Bd7 51. Rxd7 Rxd7 52. Kd5 Kf8 53. Ne4 Ra7 54.
Nxf4 Kg7 55. e6 Ra5+ 56. Kd4 1-0

[Event "OLOA 1920 SV Rochade Magdeburg 96 - USV"]
[Site "?"]
[Date "2019.12.08"]
[Round "5.1"]
[White "Hartge, Gedeon"]
[Black "Mikes, Jan"]
[Result "1/2-1/2"]
[WhiteElo "2239"]
[BlackElo "2362"]
[PlyCount "54"]
[EventDate "2019.??.??"]
[EventType "team-tourn"]

1. d4 Nf6 2. c4 g6 3. f3 Bg7 4. e4 d6 5. Nc3 O-O 6. Nge2 c5 7. d5 e6 8. Ng3 a6
9. a4 exd5 10. cxd5 h5 11. Be2 h4 12. Nf1 Nbd7 13. Bg5 h3 14. g3 Qb6 15. Qd2
Nh7 16. a5 Qc7 17. Bh6 Bxh6 18. Qxh6 b5 19. axb6 Qxb6 20. Qd2 f5 21. exf5 gxf5
22. Ne3 Ne5 23. f4 Ng4 24. Nc4 Qc7 25. O-O Nh6 26. Rfe1 Nf6 27. Bf3 Rb8 1/2-1/2

[Event "OLOA 1920 SV Rochade Magdeburg 96 - USV"]
[Site "?"]
[Date "2019.12.08"]
[Round "5.3"]
[White "Puls, Thomas"]
[Black "Bednar, Marcel"]
[Result "1/2-1/2"]
[WhiteElo "2176"]
[BlackElo "2271"]
[PlyCount "142"]
[EventDate "2019.??.??"]
[EventType "team-tourn"]

1. e4 c5 2. Nf3 Nf6 3. e5 Nd5 4. Nc3 Nxc3 5. dxc3 Nc6 6. Bf4 Qb6 7. b3 Qc7 8.
Qd2 e6 9. Rd1 h6 10. h4 b6 11. h5 Bb7 12. Be2 Ne7 13. Rh3 O-O-O 14. c4 Nf5 15.
g4 Ne7 16. Ng1 g5 17. hxg6 Nxg6 18. Bxh6 Bxh6 19. Rxh6 Rxh6 20. Qxh6 Qxe5 21.
Qe3 Qxe3 22. fxe3 Ne5 23. Nh3 Rh8 24. Nf2 Rh2 25. e4 Rg2 26. Kf1 Rg3 27. Re1
Kc7 28. Bd1 Kd6 29. Nh1 Rc3 30. Kf2 Rh3 31. Kg2 Rh8 32. Kg3 Bxe4 33. Nf2 Ba8
34. c3 f6 35. Re2 Ke7 36. Rd2 d6 37. Be2 Rg8 38. Kf4 Bb7 39. Bd1 Rh8 40. Kg3
Bc6 41. Be2 Rg8 42. Kf4 Rg5 43. Nd3 Ng6+ 44. Ke3 Nh4 45. Bd1 Ng2+ 46. Kf2 Nh4
47. Nf4 e5 48. Nd5+ Bxd5 49. Rxd5 f5 50. gxf5 Rxf5+ 51. Kg3 Ng6 52. Rd2 Rg5+
53. Kf3 Rf5+ 54. Ke3 Rf1 55. Bc2 Nf4 56. Rh2 Ne6 57. Rh7+ Rf7 58. Rh8 Rg7 59.
Be4 Rg3+ 60. Kd2 Ng5 61. Bc6 e4 62. Re8+ Kf7 63. Rd8 e3+ 64. Ke1 Nh3 65. Re8
Nf4 66. Kf1 Nd3 67. Re4 Nc1 68. Rf4+ Ke6 69. Bf3 Ke5 70. Re4+ Kf5 71. Rxe3 Rg8
1/2-1/2

[Event "OLOA 1920 SV Rochade Magdeburg 96 - USV"]
[Site "?"]
[Date "2019.12.08"]
[Round "5.4"]
[White "Mueller, Dominik"]
[Black "Schulte, Felix"]
[Result "1/2-1/2"]
[WhiteElo "2261"]
[BlackElo "2126"]
[PlyCount "72"]
[EventDate "2019.??.??"]
[EventType "team-tourn"]

1. c4 c5 2. g3 Nf6 3. Bg2 Nc6 4. Nc3 g6 5. Nf3 Bg7 6. O-O O-O 7. d4 cxd4 8.
Nxd4 Qb6 9. Nb3 d6 10. Nd5 Qd8 11. Bg5 Nxd5 12. cxd5 Nb4 13. Qd2 Na6 14. Rac1
Bg4 15. Rc4 Bd7 16. Rfc1 Re8 17. Be3 Bb5 18. Rh4 Bf6 19. Bg5 Bg7 20. Be3 Bf6
21. Bg5 Bg7 22. Bh3 Bd7 23. Bxd7 Qxd7 24. Be3 Rac8 25. Rhc4 Rxc4 26. Rxc4 Qb5
27. Qd3 Rf8 28. a4 Qd7 29. Bd4 Rc8 30. Bxg7 Rxc4 31. Qxc4 Kxg7 32. Qd4+ Kg8 33.
Qxa7 Qxa4 34. Qxb7 Qc4 35. e4 Nb4 36. Nd2 Qc1+ 1/2-1/2

[Event "OLOA 1920 SV Rochade Magdeburg 96 - USV"]
[Site "?"]
[Date "2019.12.08"]
[Round "5.5"]
[White "Groeger, Stefan"]
[Black "Niering, Martin"]
[Result "1-0"]
[WhiteElo "2113"]
[BlackElo "2218"]
[PlyCount "79"]
[EventDate "2019.??.??"]
[EventType "team-tourn"]

1. d4 e6 2. Nf3 f5 3. g3 Nf6 4. Bg2 Be7 5. O-O O-O 6. Ne5 d6 7. Nd3 Nc6 8. c3
a5 9. Bg5 Ne4 10. Bxe7 Qxe7 11. Nd2 Nxd2 12. Qxd2 Nd8 13. f4 d5 14. Qe3 c6 15.
Ne5 Bd7 16. Rfc1 Be8 17. Bf3 Rc8 18. c4 Ra8 19. c5 h6 20. Qd2 g5 21. e3 Kg7 22.
Rc3 Ra6 23. Ra3 a4 24. Be2 Ra8 25. Bd1 b5 26. cxb6 c5 27. dxc5 Qxc5 28. Qc3 Nb7
29. Rc1 Rc8 30. Qxc5 Rxc5 31. Rxc5 Nxc5 32. Rc3 Na6 33. Be2 Nb8 34. Rc8 a3 35.
b3 Bf7 36. b7 Bg8 37. Bb5 gxf4 38. gxf4 Bf7 39. Rxf8 Kxf8 40. Nd7+ 1-0

[Event "OLOA 1920 SV Rochade Magdeburg 96 - USV"]
[Site "?"]
[Date "2019.12.08"]
[Round "5.6"]
[White "Stolz, Mike"]
[Black "Hartwig, Maik"]
[Result "1-0"]
[WhiteElo "2316"]
[BlackElo "2104"]
[PlyCount "71"]
[EventDate "2019.??.??"]
[EventType "team-tourn"]

1. e4 g6 2. d4 Bg7 3. Nf3 d6 4. h3 Nd7 5. Bc4 e6 6. O-O h6 7. a4 b6 8. a5 Bb7
9. Nc3 a6 10. axb6 cxb6 11. Bf4 Qc7 12. Qe2 Nb8 13. Bb5+ Kf8 14. Bd3 Ne7 15.
Nd1 b5 16. Ne3 e5 17. dxe5 dxe5 18. Bg3 Nd7 19. c4 b4 20. Bc2 Kg8 21. Rad1 Kh7
22. h4 Rac8 23. b3 a5 24. h5 Nc5 25. Nd5 Nxd5 26. exd5 Rhe8 27. hxg6+ fxg6 28.
Nh4 Kg8 29. Bxg6 Nxb3 30. d6 Qd7 31. Bf5 Re6 32. Ng6 Rce8 33. Qg4 Nd4 34. Rxd4
exd4 35. Ne7+ R8xe7 36. dxe7 1-0

[Event "OLOA 1920 SV Rochade Magdeburg 96 - USV"]
[Site "?"]
[Date "2019.12.08"]
[Round "5.7"]
[White "Hentzgen, Thomas"]
[Black "Kuna, Ralf-Michael"]
[Result "1/2-1/2"]
[WhiteElo "2028"]
[BlackElo "2128"]
[PlyCount "56"]
[EventDate "2019.??.??"]
[EventType "team-tourn"]

1. b3 d5 2. Bb2 c5 3. e3 Nc6 4. Bb5 Bd7 5. f4 a6 6. Bxc6 Bxc6 7. Nf3 Nf6 8. O-O
g6 9. d3 Bg7 10. Qe1 O-O 11. Nbd2 b5 12. Ne5 Bb7 13. Qh4 Nd7 14. Nxd7 Qxd7 15.
Bxg7 Kxg7 16. Rf3 h6 17. Raf1 f6 18. g4 Rh8 19. Qg3 Rag8 20. g5 Bc8 21. e4 d4
22. gxf6+ exf6 23. R3f2 Qh3 24. Qxh3 Bxh3 25. Re1 Kf7 26. Nf3 Bg4 27. Kg2 Rc8
28. Kg3 Bxf3 1/2-1/2

[Event "OLOA 1920 SV Rochade Magdeburg 96 - USV"]
[Site "?"]
[Date "2019.12.08"]
[Round "5.8"]
[White "Hoffmann, Uwe"]
[Black "Altstadt, Karl-Simon"]
[Result "1-0"]
[WhiteElo "2123"]
[BlackElo "2004"]
[PlyCount "49"]
[EventDate "2019.??.??"]
[EventType "team-tourn"]

1. d4 Nf6 2. c4 c5 3. d5 b5 4. Nf3 g6 5. a4 bxc4 6. Nc3 Bg7 7. e4 d6 8. Bxc4
O-O 9. O-O Nbd7 10. h3 Rb8 11. a5 Ne8 12. Qe2 Ne5 13. Nxe5 Bxe5 14. Bh6 Ng7 15.
f4 Bd4+ 16. Kh2 e6 17. Nb5 e5 18. Nxd4 cxd4 19. fxe5 dxe5 20. g3 Qd6 21. b3 Bd7
22. Bc1 Qc7 23. Ba3 Ne8 24. Bxf8 Kxf8 25. Rxf7+ 1-0

[Event "OLOA 1920 SG AE Magdeburg II - SV Sange"]
[Site "?"]
[Date "2019.12.08"]
[Round "5.1"]
[White "Strache, Michael"]
[Black "Rothe, Guido"]
[Result "1-0"]
[WhiteElo "2301"]
[BlackElo "2197"]
[PlyCount "137"]
[EventDate "2019.??.??"]
[EventType "team-tourn"]

1. c4 Nf6 2. Nc3 c5 3. g3 Nc6 4. Bg2 g6 5. a3 Bg7 6. Rb1 O-O 7. b4 cxb4 8. axb4
a5 9. bxa5 Qxa5 10. Nf3 d5 11. Rb5 Qc7 12. cxd5 Na5 13. O-O Bd7 14. Rb1 Rfc8
15. Ba3 Nc4 16. Bb4 Nd6 17. Qb3 Bf5 18. d3 Nd7 19. Bxd6 Qxd6 20. Nb5 Qa6 21.
Qb4 Qa2 22. e4 Bg4 23. Qxe7 Bxf3 24. Qxd7 Be2 25. Nd6 Bxf1 26. Qxf7+ Kh8 27.
Nxc8 Rxc8 28. Qxb7 Rf8 29. Rxf1 Bd4 30. Kh1 Rxf2 31. Qc8+ Kg7 32. Qc7+ Kg8 33.
Qc8+ Kg7 34. Qc7+ Kg8 35. Rxf2 Qxf2 36. Qc1 Be5 37. Qf1 Qb2 38. Bh3 h5 39. Be6+
Kg7 40. Qf7+ Kh6 41. Qf8+ Bg7 42. Qf4+ g5 43. Qf1 Be5 44. Qf8+ Bg7 45. Qf3 Qc1+
46. Kg2 Qd2+ 47. Kh3 g4+ 48. Bxg4 hxg4+ 49. Kxg4 Qxh2 50. Qf4+ Kh7 51. Qf5+ Kg8
52. Qe6+ Kf8 53. Qc8+ Kf7 54. Qd7+ Kf8 55. Qf5+ Kg8 56. d6 Qe2+ 57. Qf3 Qxf3+
58. Kxf3 Kf7 59. Kg4 Be5 60. d4 Bxd6 61. e5 Bf8 62. Kf5 Bg7 63. g4 Bf8 64. d5
Bg7 65. d6 Bf8 66. e6+ Ke8 67. e7 Bxe7 68. dxe7 Kxe7 69. Kg6 1-0

[Event "OLOA 1920 SG AE Magdeburg II - SV Sange"]
[Site "?"]
[Date "2019.12.08"]
[Round "5.2"]
[White "Rafayevych, Vilen"]
[Black "Engelmann, Jakob"]
[Result "0-1"]
[WhiteElo "2114"]
[BlackElo "2285"]
[PlyCount "76"]
[EventDate "2019.??.??"]
[EventType "team-tourn"]

1. Nf3 Nf6 2. g3 d6 3. d4 c6 4. Bg2 Qc7 5. Nc3 Nbd7 6. e4 e5 7. O-O Be7 8. Nh4
O-O 9. Nf5 Re8 10. Nxe7+ Rxe7 11. Be3 b5 12. dxe5 dxe5 13. f4 Bb7 14. fxe5 Nxe5
15. Bg5 Neg4 16. Qe2 b4 17. Nd1 Qb6+ 18. Kh1 Ba6 19. Qe1 Bxf1 20. Qxf1 h6 21.
Bf4 Nxe4 22. h3 Ngf6 23. Kh2 Nh5 24. Bxe4 Rxe4 25. Qf3 Nf6 26. Nf2 Re6 27. Nd3
Rae8 28. Rf1 Qd4 29. Rf2 Nd5 30. c3 bxc3 31. bxc3 Nxc3 32. Bg5 f6 33. Bc1 Nd5
34. Bb2 Qe4 35. Qd1 Qg6 36. Nf4 Nxf4 37. gxf4 Re3 38. Rg2 Qf5 0-1

[Event "OLOA 1920 SG AE Magdeburg II - SV Sange"]
[Site "?"]
[Date "2019.12.08"]
[Round "5.3"]
[White "Heyder, Florian"]
[Black "Koenig, Marco"]
[Result "1/2-1/2"]
[WhiteElo "2205"]
[BlackElo "2099"]
[PlyCount "81"]
[EventDate "2019.??.??"]
[EventType "team-tourn"]

1. d4 d5 2. c4 e6 3. Nc3 Nf6 4. Nf3 dxc4 5. e3 a6 6. Bxc4 b5 7. Bd3 Bb7 8. O-O
Nbd7 9. Re1 Be7 10. e4 O-O 11. e5 Nd5 12. Ne4 c5 13. Nfg5 h6 14. Qh5 cxd4 15.
Nh7 Kxh7 16. Nf6+ Kh8 17. Bxh6 N5xf6 18. Bxg7+ Kxg7 19. Qg5+ Kh8 20. exf6 Nxf6
21. Qh6+ Kg8 22. Re5 Qd5 23. Rg5+ Qxg5 24. Qxg5+ Kh8 25. Qh6+ Kg8 26. Re1 Rfd8
27. g4 Rd5 28. g5 Ne4 29. Bxe4 Rxg5+ 30. Kf1 Bxe4 31. Rxe4 Rg6 32. Qh3 Bf6 33.
Rg4 Rxg4 34. Qxg4+ Bg7 35. Ke2 Re8 36. Kd3 e5 37. f3 Re6 38. Qe4 Bh6 39. h3 Bf4
40. Qb7 Kg7 41. Qd7 1/2-1/2

[Event "OLOA 1920 SG AE Magdeburg II - SV Sange"]
[Site "?"]
[Date "2019.12.08"]
[Round "5.5"]
[White "Guenther, Christian"]
[Black "Windelband, Jens"]
[Result "0-1"]
[WhiteElo "2174"]
[BlackElo "2101"]
[PlyCount "62"]
[EventDate "2019.??.??"]
[EventType "team-tourn"]

1. d4 e6 2. c4 d5 3. Nc3 c5 4. Nf3 Nc6 5. e3 Nf6 6. cxd5 exd5 7. Be2 cxd4 8.
Nxd4 Bd6 9. O-O O-O 10. Re1 Re8 11. g3 h5 12. Ncb5 Be5 13. f4 Bxd4 14. Nxd4 h4
15. Nxc6 bxc6 16. g4 Qb6 17. Bf3 Bb7 18. b3 Ne4 19. Bb2 c5 20. Qd3 Re7 21. Rac1
f6 22. Rc2 Rae8 23. Rec1 d4 24. exd4 Qd6 25. f5 Ba6 26. Qd1 Ng5 27. Bh1 Qf4 28.
Bd5+ Kh7 29. Rg2 Nh3+ 30. Kh1 Nf2+ 31. Rxf2 Qxf2 0-1

[Event "OLOA 1920 SG AE Magdeburg II - SV Sange"]
[Site "?"]
[Date "2019.12.08"]
[Round "5.6"]
[White "Sieber, Martin"]
[Black "Buerckner, Georg"]
[Result "1/2-1/2"]
[WhiteElo "1898"]
[BlackElo "2041"]
[PlyCount "63"]
[EventDate "2019.??.??"]
[EventType "team-tourn"]

1. d4 d5 2. c4 e6 3. Nf3 Nf6 4. g3 Be7 5. Bg2 O-O 6. O-O Nbd7 7. Qc2 c5 8. b3
b6 9. Rd1 Bb7 10. Nc3 dxc4 11. bxc4 cxd4 12. Nxd4 Bxg2 13. Kxg2 Qc7 14. Ncb5
Qb7+ 15. f3 Rac8 16. Ba3 Bxa3 17. Nxa3 a6 18. e4 Rfd8 19. Rac1 Ne5 20. Qb2 Qc7
21. Qe2 Qc5 22. Ndc2 Rxd1 23. Rxd1 h6 24. Rd4 Nc6 25. Rd3 Ne5 26. Rd4 Nc6 27.
Rd3 Rc7 28. Qe3 Qa5 29. Qd2 Qc5 30. Qe3 Qa5 31. Qd2 Qc5 32. Qe3 1/2-1/2

[Event "OLOA 1920 SG AE Magdeburg II - SV Sange"]
[Site "?"]
[Date "2019.12.08"]
[Round "5.7"]
[White "Ellemann, Stefan"]
[Black "Heyne, Jan-Hendrik"]
[Result "1-0"]
[WhiteElo "2006"]
[BlackElo "1840"]
[PlyCount "57"]
[EventDate "2019.??.??"]
[EventType "team-tourn"]

1. c4 Nf6 2. g3 e6 3. Bg2 d5 4. Nf3 Be7 5. O-O O-O 6. d4 dxc4 7. Ne5 c5 8. dxc5
Qc7 9. Nxc4 Qxc5 10. Qb3 Nc6 11. Be3 Qh5 12. Nc3 Ng4 13. h3 Nxe3 14. Nxe3 Bc5
15. Ne4 Nd4 16. Qc4 Bb6 17. Rad1 e5 18. Nd5 Kh8 19. g4 Qh6 20. e3 Nc6 21. Nxb6
axb6 22. Rd6 Be6 23. Qb5 Rxa2 24. Qxb6 Qh4 25. Qxb7 Na5 26. Qc7 Ra8 27. Ng5
Qxg5 28. Bxa8 h5 29. Qd8+ 1-0

[Event "OLOA 1920 SG AE Magdeburg II - SV Sange"]
[Site "?"]
[Date "2019.12.08"]
[Round "5.8"]
[White "Willberg, Frank"]
[Black "Duchrow, Oliver"]
[Result "1/2-1/2"]
[WhiteElo "1852"]
[BlackElo "2085"]
[PlyCount "59"]
[EventDate "2019.??.??"]
[EventType "team-tourn"]

1. Nf3 d6 2. c4 f5 3. d4 Nf6 4. Nc3 g6 5. e3 Bg7 6. Bd3 O-O 7. O-O c6 8. Qc2
Qc7 9. e4 fxe4 10. Nxe4 Na6 11. Bd2 Nxe4 12. Bxe4 Bg4 13. Bc3 e6 14. h3 Bf5 15.
Bxf5 Rxf5 16. Rae1 Qd7 17. Qe4 Nc7 18. Qd3 Raf8 19. Nh4 Rf4 20. Re4 d5 21. Rxf4
Rxf4 22. Nf3 c5 23. dxc5 d4 24. Bd2 Rf8 25. Re1 Qf7 26. Ba5 Na6 27. Qd2 Nxc5
28. Nxd4 b6 29. Bc3 Rd8 30. Qe3 1/2-1/2

[Event "OLOA 1920 SG 1871 Löberitz - SK König"]
[Site "?"]
[Date "2019.12.08"]
[Round "5.1"]
[White "Burian, Simon"]
[Black "Pallas, Sebastian"]
[Result "0-1"]
[WhiteElo "2149"]
[BlackElo "2264"]
[PlyCount "98"]
[EventDate "2019.??.??"]
[EventType "team-tourn"]

1. e4 c5 2. Nf3 Nc6 3. Bb5 Nd4 4. Bc4 e6 5. c3 Nxf3+ 6. Qxf3 Qc7 7. d3 Ne7 8.
Bf4 d6 9. Nd2 Ng6 10. Bg3 Bd7 11. a4 Be7 12. Qe2 Bf6 13. O-O O-O 14. f4 Qb6 15.
Nf3 Rae8 16. e5 Be7 17. exd6 Bxd6 18. Ne5 Bxe5 19. fxe5 Bc6 20. Bf2 Qc7 21. Qe3
b6 22. Rfe1 Qb7 23. Qg3 Rd8 24. d4 cxd4 25. cxd4 Be4 26. Bf1 Ne7 27. Ra3 Bg6
28. Qf4 Nd5 29. Qf3 Qe7 30. h4 h6 31. a5 Rc8 32. axb6 axb6 33. h5 Bh7 34. Qg4
Bf5 35. Qd1 Rc2 36. Qa1 Qg5 37. Rg3 Qxh5 38. Qa6 g5 39. b3 Qg6 40. Bc4 h5 41.
Bxd5 exd5 42. Rge3 h4 43. Qb7 Be4 44. Rxe4 dxe4 45. Qxe4 Qxe4 46. Rxe4 Ra8 47.
d5 Raa2 48. Bxb6 Rxg2+ 49. Kh1 h3 0-1

[Event "OLOA 1920 SG 1871 Löberitz - SK König"]
[Site "?"]
[Date "2019.12.08"]
[Round "5.2"]
[White "Schuetze, Norman"]
[Black "Paul, Mathias"]
[Result "1-0"]
[WhiteElo "2286"]
[BlackElo "2168"]
[PlyCount "57"]
[EventDate "2019.??.??"]
[EventType "team-tourn"]

1. e4 c5 2. Nf3 Nc6 3. Nc3 e5 4. Bc4 d6 5. d3 Be7 6. O-O Nf6 7. Ng5 O-O 8. f4
exf4 9. Bxf4 Ne5 10. Bb3 b5 11. Nxb5 Qb6 12. c4 h6 13. Nf3 Bg4 14. Qd2 Rad8 15.
Kh1 Ng6 16. Be3 Nd7 17. Nc3 Be6 18. Rab1 f5 19. exf5 Rxf5 20. Bc2 Nde5 21. Nxe5
Rxf1+ 22. Rxf1 Nxe5 23. b3 Rf8 24. Rxf8+ Kxf8 25. d4 Ng4 26. Bg1 Bg5 27. Qe2
Bc8 28. Nd5 Qa5 29. h3 1-0

[Event "OLOA 1920 SG 1871 Löberitz - SK König"]
[Site "?"]
[Date "2019.12.08"]
[Round "5.3"]
[White "Beyer, Christof"]
[Black "Mertens, Fridolin"]
[Result "1/2-1/2"]
[WhiteElo "2016"]
[BlackElo "2135"]
[PlyCount "36"]
[EventDate "2019.??.??"]
[EventType "team-tourn"]

1. e4 c5 2. Nf3 e6 3. d4 cxd4 4. Nxd4 Nc6 5. Nc3 Qc7 6. Be3 a6 7. a3 Nf6 8. f4
d6 9. Qf3 Bd7 10. O-O-O Nxd4 11. Rxd4 Bc6 12. g4 d5 13. e5 Nd7 14. Bf2 Bc5 15.
Rd2 Bxf2 16. Rxf2 Nc5 17. Bd3 O-O-O 18. Re1 d4 1/2-1/2

[Event "OLOA 1920 SG 1871 Löberitz - SK König"]
[Site "?"]
[Date "2019.12.08"]
[Round "5.4"]
[White "Boehm, Christian"]
[Black "Pfeufer, Lion"]
[Result "1/2-1/2"]
[WhiteElo "2090"]
[BlackElo "2037"]
[PlyCount "40"]
[EventDate "2019.??.??"]
[EventType "team-tourn"]

1. d4 Nf6 2. Nf3 g6 3. c4 d6 4. Nc3 Bg7 5. Bg5 O-O 6. e3 Nbd7 7. Be2 c6 8. Qc2
e5 9. O-O Qc7 10. Rfd1 Re8 11. Rac1 a5 12. dxe5 dxe5 13. Na4 b6 14. c5 b5 15.
Nb6 Rb8 16. Nxc8 Rbxc8 17. a4 b4 18. Nd2 Bf8 19. Bxf6 Nxf6 20. Ne4 Nxe4 1/2-1/2

[Event "OLOA 1920 SG 1871 Löberitz - SK König"]
[Site "?"]
[Date "2019.12.08"]
[Round "5.5"]
[White "Hoerr, Christian"]
[Black "Proehl, Holger"]
[Result "1/2-1/2"]
[WhiteElo "1902"]
[BlackElo "2338"]
[PlyCount "84"]
[EventDate "2019.??.??"]
[EventType "team-tourn"]

1. d4 Nf6 2. Nf3 e6 3. e3 d5 4. c4 Be7 5. Be2 O-O 6. O-O b6 7. Nc3 Bb7 8. b3 c5
9. Bb2 Nbd7 10. Rc1 Rc8 11. Re1 Ne4 12. cxd5 exd5 13. Nxe4 dxe4 14. Ne5 Nxe5
15. dxe5 Qxd1 16. Rexd1 Rfd8 17. Bg4 Rxd1+ 18. Rxd1 Rd8 19. Rxd8+ Bxd8 20. Kf1
g6 21. Be2 Bd5 22. f4 Kf8 23. Ke1 Ke7 24. Kd2 Kd7 25. Bc3 Kc6 26. Kc2 b5 27.
Kb2 Bb6 28. Bd2 Be6 29. Kc2 Bd7 30. Kb2 Kd5 31. a4 a6 32. axb5 axb5 33. Kc2 Kc6
34. Kb2 Bd8 35. Kc2 Be6 36. Bc3 Bh4 37. g3 Bd8 38. Kb2 h5 39. Kc2 Bb6 40. Bd2
Bd8 41. h4 Bd7 42. Kb2 Be6 1/2-1/2

[Event "OLOA 1920 SG 1871 Löberitz - SK König"]
[Site "?"]
[Date "2019.12.08"]
[Round "5.6"]
[White "Schuster, Martin"]
[Black "Merkel, Toni"]
[Result "1-0"]
[WhiteElo "2212"]
[BlackElo "1909"]
[PlyCount "77"]
[EventDate "2019.??.??"]
[EventType "team-tourn"]

1. d4 Nf6 2. Nf3 g6 3. c4 Bg7 4. Nc3 O-O 5. e4 d6 6. h3 e5 7. dxe5 dxe5 8. Qxd8
Rxd8 9. Bg5 c6 10. Nxe5 Re8 11. O-O-O Nxe4 12. Nxe4 Bxe5 13. f4 Bf5 14. Ng3 f6
15. Bh6 Bc7 16. Nxf5 gxf5 17. Bd3 Nd7 18. Bxf5 Nb6 19. Rhe1 Kf7 20. b3 a5 21.
a4 Rad8 22. Rxe8 Rxe8 23. Rd3 Rg8 24. g4 Re8 25. Kd2 Nc8 26. Rd7+ Re7 27. Rxe7+
Nxe7 28. Bxh7 Ng6 29. Ke3 Nf8 30. Bf5 Ne6 31. Bxe6+ Kxe6 32. f5+ Kf7 33. Bf4
Bb6+ 34. Kf3 Kg7 35. h4 Bd4 36. g5 Bc3 37. Bc7 Bd2 38. Kg4 Bc3 39. Bd8 1-0

[Event "OLOA 1920 SG 1871 Löberitz - SK König"]
[Site "?"]
[Date "2019.12.08"]
[Round "5.7"]
[White "Franz, Tobias"]
[Black "Schindler, Christian"]
[Result "0-1"]
[WhiteElo "1856"]
[BlackElo "2189"]
[PlyCount "78"]
[EventDate "2019.??.??"]
[EventType "team-tourn"]

1. e4 e6 2. d4 d5 3. Nc3 Nf6 4. Bg5 Be7 5. e5 Nfd7 6. Bxe7 Qxe7 7. Nf3 a6 8.
Qd2 c5 9. O-O-O Nc6 10. dxc5 h6 11. Na4 Nxc5 12. Nxc5 Qxc5 13. Kb1 b5 14. Bd3
Bb7 15. c3 O-O-O 16. Rhe1 Rd7 17. Qe2 Kb8 18. Nd4 Rc8 19. f4 b4 20. Nb3 Qb6 21.
c4 dxc4 22. Bxc4 Rcd8 23. Rxd7 Rxd7 24. Rd1 Rxd1+ 25. Qxd1 Qe3 26. Qd2 Qxd2 27.
Nxd2 Nd4 28. g3 Ka7 29. Bd3 Bd5 30. b3 Kb6 31. Kb2 a5 32. h4 Kc5 33. Nc4 Bxc4
34. Bxc4 Nf5 35. g4 Nxh4 36. Be2 Ng6 37. f5 exf5 38. gxf5 Nxe5 39. Kc2 Kd4 0-1